000 004760000a22001930004500
999 _c48256
_d48256
001 1080
003 CO-MdFUSB
005 20170717171155.0
008 170717b xxu||||| |||| 00| 0 eng d
020 _a958-04-7701-9
040 _cCO-MdBIC
082 0 4 _a863C F854at
100 1 _aBourgeois, Paulette
245 1 0 _aFranklin actúa en el teatro / Paulette Bourgeois
260 _aBogotá : Norma
300 _a[ 32 P. ]
650 1 4 _aLiteratura infantil
942 _cLGB